[Event "Olympiad-37"]
[Site "Turin"]
[Date "2006.05.29"]
[Round "8"]
[White "Navara, David"]
[Black "Svidler, Peter"]
[Result "1-0"]
[WhiteElo "2658"]
[BlackElo "2743"]
[Annotator "Rogozenco,D"]
[PlyCount "79"]
[EventDate "2006.05.21"]
[EventType "team-swiss"]
[EventRounds "13"]
[EventCountry "ITA"]
[SourceTitle "CBM 113"]
[Source "ChessBase"]
[SourceDate "2006.07.31"]
[SourceVersion "1"]
[SourceVersionDate "2006.07.31"]
[SourceQuality "1"]
[WhiteTeam "Czech Republic"]
[BlackTeam "Russia"]
[WhiteTeamCountry "CZE"]
[BlackTeamCountry "RUS"]

1. d4 d5 2. c4 c6 3. Nc3 Nf6 4. Nf3 dxc4 5. a4 e6 {This move started to appear
on modern high level practice after Kramnik implemented it in the match versus
Leko. Svidler was Kramnik's second and it is not surprising that he included
it in his repertoire. However, 5...e6 suits better as a one-time surprise
weapon rather than a constant part of one's opening repertoire.} 6. e3 {
The safe continuation, which secures a typical middlegame initiative in a
position with an isolated pawn.} ({Another test for Black's set-up is the more
aggressive} 6. e4) 6... c5 {In order to complete development Black must go for
a QGA type of position. His justification for the two-steps advance of the
pawn to c5 is that White's extra-tempo a2-a4 is not very useful.} 7. Bxc4 Nc6
8. O-O {We have a well-known variation of the Queen's Gambit Accepted, where
Black has the pawn on a6: 1.d4 d5 2.c4 dxc4 3.Nf3 Nf6 4.e3 e6 5.Bxc4 a6 6.a4
c5 7.0-0 Nc6 8.Nc3. As we'll see, in opposite to QGA, here Black's pawn on a7
instead of a6 reduces Black's possibilities, which basically means that
Black's entire opening concept has obvious drawbacks.} cxd4 ({Although less
attractive than in QGA, where it represents the most solid continuation, here
8...Be7 could be the best option as well:} 8... Be7 9. dxc5 $5 ({In the
variation} 9. Qe2 cxd4 10. Rd1 {Black must play} O-O ({Not} 10... e5 {which
equalizes with the pawn on a6, since after} 11. exd4 exd4 12. Nxd4 Nxd4 {
White has a nasty check on b5:} 13. Bb5+ Kf8 14. Qe5 $36) 11. exd4 Nb4 {
White's chances are slightly preferable here, but Black at least avoided
opponent's plan from the game (Bg5 and Re1).}) 9... Qxd1 10. Rxd1 Bxc5 {
The pawn would certainly be more useful for Black on a6 than on a7. In QGA
with the pawn on a6 Black is able to equalize such an endgame. Here having
square b5 at his disposal White has more possibilities to fight for advantage.}
) 9. exd4 (9. Nxd4 Bd7 10. Bb5 Nxd4 11. Qxd4 a6 12. Bxd7+ Qxd7 13. Qxd7+ Kxd7
14. Bd2 Bd6 15. a5 {1/2-1/2 Atalik,S (2620)-Brodsky,M (2564)/Hoogeveen 2005})
9... Be7 10. Bg5 {One of the most dangerous plans for Black} (10. Be3 O-O 11.
Ne5 Nb4 12. a5 Bd7 {implemented the standard breakthrough} 13. d5 exd5 14. Nxd5
Nbxd5 15. Bxd5 Nxd5 16. Qxd5 Bc8 $1 $11 {1/2-1/2 Leko,P (2741)-Kramnik,V (2770)
/Brissago 2004}) (10. Qe2 O-O (10... Nxd4 $2 11. Nxd4 Qxd4 12. Nb5 $18 {
here we see another drawback of not having the pawn on a6.}) 11. Rd1 Nb4 (11...
Nd5 {is another critical continuation}) 12. Bg5 (12. Ne5 Bd7 $1 (12... b6 13.
Qf3 $1 Rb8 14. Qg3 $36 {1-0 Iordachescu,V (2583)-Jaracz,P (2492)/Stockholm
2005 (50)}) 13. Bg5 Bc6 14. Nxc6 bxc6 {is perfectly playable for Black}) 12...
Bd7 13. d5 exd5 14. Nxd5 Nbxd5 15. Bxd5 Nxd5 16. Rxd5 Bxg5 17. Nxg5 h6 18. Rad1
hxg5 19. Rxd7 Qb6 $14 {1/2-1/2 Ivanchuk,V (2729)-Svidler,P (2765)/Monte Carlo
2006 (46)}) 10... O-O 11. Re1 Bd7 {Before playing ...h6, Svidler waits until
his opponent's queen goes to e2.} (11... h6 12. Bf4 Nb4 13. Qd2 $1 Bd7 {
run into} 14. Bxh6 $1 Rc8 15. Bb3 gxh6 16. Qxh6 Nh7 (16... Ng4 17. Qh3 $1 Nf6
$2 18. Re5 $18) (16... Re8 17. Qg5+ (17. Rxe6 Bf8 $1) 17... Kh7 (17... Kf8 18.
Ne5 $18) 18. Re5 $5 $40) 17. Re5 f5 18. Rxe6 Bxe6 19. Bxe6+ $16 {1-0 Radjabov,
T (2700)-Svidler,P (2765)/Linares 2006 (41)}) ({In case of} 11... Nb4 {the
absence of the pawn on a6 can be seen for instance in the variation} 12. Qe2 (
12. Ne5 $14) 12... b6 13. Rad1 $16 {and with the pawn on a6 Black's best
continuation would be 13...Ra7. Alas, such a move is impossible here...} Bb7
$140 14. d5 $18) 12. Qe2 {White arranges the rooks on the best squares for
such positions: e1 and d1.} (12. Rc1 Rc8 (12... Nb4 $5) 13. Ba2 Nb4 14. Bb1 Bc6
15. Ne5 $13 {1-0 Van Wely,L (2679)-Kramnik,V (2754)/Monte Carlo 2005 (42)}) (
12. Qd2 Nb4 13. Rad1 Rc8 14. d5 exd5 15. Bxd5 Bc6 16. Bxc6 Qxd2 17. Rxd2 Nxc6
18. Bxf6 Bxf6 19. Nd5 Rfd8 20. Nxf6+ gxf6 {with an equal ending, Nielsen -
Svidler, Monte Carlo 2006 (rapid)} 21. g3 Rxd2 22. Nxd2 Ne5 23. Kg2 Kg7 24. Nf3
Rc4 {1/2-1/2 Nielsen,P (2644)-Svidler,P (2765)/Monte Carlo MNC 2006/D-TWIC
477-603}) 12... h6 $146 {Before the present game the position was met in
practice only twice. Svidler's novelty is designed to either exchange White's
bishop (in case of the answer 13.Bh4), or after 13.Bf4 to implement the main
plan with ...Nb4 and ...Bc6. Certainly Black would be better off without
weakening his kingside pawn chain, but with the bishop on g5 exerting pressure
on Black's position, it is more difficult to establish control over square d5
by means of ...Nb4 and ...Bc6 (see 12....Nb4).} (12... Rc8 13. Rad1 Nb4 (13...
Nd5 $6 14. Bxd5 Bxg5 15. Be4 $16 {[%cal Gd4d5]}) 14. Ne5 $36) (12... Nb4 13.
Ne5 Bc6 {and here White has} 14. Nxf7 $1 Kxf7 (14... Rxf7 $2 15. Qxe6 Qf8 (
15... Bd5 16. Nxd5 Nbxd5 17. Bxf6 $18) 16. Qxe7 $18) 15. Qxe6+ Kg6 16. Ne2 $5 {
(probably there are other perspective possibilities as well)} Bd6 (16... Kxg5
17. Qe3+ $18) 17. Bf4 Bc7 18. Qh3 {with a strong attack. For instance:} Nfd5 (
18... Nbd5 19. Qg3+ Kf7 20. Bxc7 $18) 19. Qg3+ Kf6 20. Bg5+ Kf7 21. Qf3+ Kg8
22. Bxd8 Rxf3 23. Bxc7 Rf7 24. Bd6 Nc2 25. Nc3 $16) (12... Re8 13. Rad1 (13.
Ne5 Nxd4) 13... Nd5 14. Bxd5 {This brings White nothing.} (14. Bc1 $5) (14. h4
$5) (14. Bd2 Bf6 $140 15. Ne4 $1 $36) 14... exd5 15. Bxe7 Rxe7 16. Ne5 Nb4 17.
Qd2 {1/2-1/2 Ehlvest,J (2631)-Morovic Fernandez,I (2564)/Mallorca 2004}) (12...
Nh5 $6 13. Be3 $36 {[%csl Rh5][%cal Ga1d1]}) 13. Bf4 $1 ({With almost finished
development and good control over square d5 the second player has little to
worry about after the exchange of dark-squared bishops:} 13. Bh4 Nh5 14. Bxe7
Nxe7 15. Ne5 Nf6 {allows Black to equalize.}) 13... Nb4 14. Ne5 Bc6 {Black
implemented his idea and Svidler must have calculated very precisely the
consequences of the sacrifice on f7. However, White simply improves the
position and because of the weakened kingside pawn-structure by the pawn on h6,
Black still finds himself under pressure.} 15. Rad1 ({With the bishop on f4
the knight sacrifice is less clear:} 15. Nxf7 Rxf7 (15... Kxf7 $2 16. Qxe6+ Kg6
17. Qxe7 $18) 16. Bxe6 (16. Qxe6 Nbd5 $13) 16... Nbd5 17. Be5 Nxc3 18. bxc3 Bd5
19. Bxf7+ Bxf7 20. c4 Rc8 $13) 15... Nbd5 (15... Bd5 16. Nxd5 Nbxd5 (16... exd5
17. Bb3 $14) (16... Nfxd5 17. Bd2 $14) 17. Bd2 $14 (17. Bc1 Bb4)) 16. Bc1 Bb4 (
16... Nxc3 17. bxc3 Bxa4 {is very risky. White can simply play} 18. Rd3 $44 {
with a potentially very strong attack.} ({The immediate} 18. Nxf7 {allows
Black to hold the balance:} Bxd1 (18... Rxf7 19. Qxe6 Qf8 20. Qxe7 Bxd1 21.
Qxf8+ Raxf8 22. Rxd1 $16) 19. Qxe6 Qc8 (19... Qb6 $2 20. Nxh6+ Kh8 21. Qh3 $1
gxh6 22. Qxh6+ Nh7 23. Rxe7 Qxh6 24. Bxh6 Rg8 25. Bf4 $18) 20. Ne5+ (20. Nxh6+
Kh7 21. Bd3+ Kh8 22. Nf7+ (22. Qxe7 $2 {fails to} Re8) 22... Kg8 23. Nh6+ $11)
20... Qxe6 21. Bxe6+ Kh7 22. Bf5+ Kg8 23. Ng6 Bh5 24. Nxe7+ Kh8 $13)) 17. Rd3
$1 {This position is much easier to play with White, who has plenty of
attacking ideas. The problem for Black is that he does not have counterplay
yet, while his opponent arranged optimally the pieces and can play actively
both in the center and on the kingside.} Ne7 ({After} 17... Rc8 {White can
start a direct assault:} 18. Rg3 Kh8 19. Rh3 (19. Bxh6 $2 gxh6 20. Qd2 Ng8) (
19. Bd2 $14) 19... Ne7 (19... Nb6 20. Bd3 Qxd4 21. Bxh6 gxh6 22. Qd2 $18) (
19... Kg8 20. Bxh6 gxh6 21. Qd2 $18) 20. Bd3 (20. Bg5 $14) 20... Nf5 (20...
Qxd4 $2 21. Bxh6 gxh6 22. Qd2 Nf5 23. Rxh6+ Nxh6 24. Qxh6+ Kg8 25. Qg5+ Kh8 26.
Qxf6+ Kg8 27. Qg5+ Kh8 28. Qh6+ Kg8 29. Qh7#) (20... Neg8 21. Be3 $16) 21. Bxf5
exf5 22. Bxh6 gxh6 23. Qe3 Ng8 24. Rxh6+ Kg7 25. Rh5 $18 {[%cal Ge3g3]}) 18.
Bd2 $1 {[%csl Rb4]} (18. Rg3 $6 Nf5) (18. Nxf7 $6 Rxf7 19. Bxe6 Qf8 {is okay
for Black}) 18... Rc8 {This allows White to use elegantly the fact that bishop
on b4 is not protected.} ({After} 18... Qa5 {there is nothing forced for White,
but he keeps a strong initiative.} 19. Bb3 $5 {[%cal Gb3c2]}) 19. d5 $1 exd5 $8
(19... Nexd5 20. Nxd5 Bxd2 21. Nxf6+ Qxf6 22. Qxd2 $18) 20. Nxd5 Bxd5 $2 ({
Black could put up resistance with} 20... Nexd5 $8 21. Bxb4 Re8 (21... Nf4 $2
22. Bxf7+ Kh7 23. Qe3 Nxd3 24. Bg6+ Kg8 25. Nxd3 $16) 22. Bd2 ({After} 22. Qd2
{Black has} Qc7 23. Bc3 Nxc3 $1 24. Bxf7+ Kh8 25. Bxe8 Nce4 $1 $132) 22... Qc7
23. f4 $14) 21. Bxb4 Re8 (21... Bxc4 22. Nxc4 Ned5 23. Bxf8 $18) 22. Qd2 $1 Qb6
(22... Qc7 23. Bxd5 Nexd5 24. Rxd5 Nxd5 25. Qxd5 Rcd8 26. Qe4 f6 27. Qc4+ Qxc4
28. Nxc4 Rxe1+ 29. Bxe1 $18) 23. Bxe7 Bxc4 24. Rd6 ({White could win by force
with} 24. Rde3 $1 Be6 (24... Nh7 25. Nxc4 Rxc4 26. Bc5 $1 $18) (24... Bb3 25.
Bxf6 Qxf6 26. Nd7 $18) 25. Bxf6 gxf6 26. Rg3+ Kh7 27. Re4 $1 {and there is no
defense against 28.Qxh6 followed by the mate on h4.}) 24... Qc7 25. Bxf6 gxf6
26. Rd7 Rcd8 $2 (26... Qb8 {would have kept real chances to escape:} 27. Nf3 (
27. Ng4 Rxe1+ 28. Qxe1 Qf4 {Black may be only slightly inferior} 29. Ne3 Be6
30. Rxb7 Qxa4 31. h3 $14) 27... Rxe1+ 28. Nxe1 Be6 29. Rd4 $14) 27. Rd1 $1 Rxd7
28. Nxd7 $16 Kg7 (28... Qc6 29. h3 $16) 29. Qc3 ({The computer finds an
amazing line:} 29. Nxf6 Kxf6 30. Qxh6+ Ke7 (30... Kf5 31. h3 $18) 31. Rc1 $1 {
and White regains the piece, with a winning position. Of course Navara played
much more "humanely".}) 29... Qf4 $2 {A blunder in a difficult position.} (
29... Qc6 30. h3 $16) 30. g3 $18 Qg4 31. Qxf6+ Kg8 32. Qd6 Re6 33. Qf8+ Kh7 34.
Qxf7+ {Two extra pawns and the continuing attack makes it completely winning
for White.} Kh8 35. Qf8+ Kh7 36. Rc1 ({Again the computer shows a quicker win:
} 36. f3 Qg7 37. Qf4 {[%csl Rc4][%cal Gd7f8]}) 36... Qd4 37. Qc5 Re4 38. Qf5+
Kg7 39. Nf6 Re2 40. Rxc4 (40. Rxc4 Qxc4 41. Nh5+ Kg8 42. Qg6+ Kf8 43. Qg7+ Ke8
44. Nf6+ Kd8 45. Qd7#) 1-0

[Event "EU-Cup 24th"]
[Site "Kallithea"]
[Date "2008.10.22"]
[Round "6"]
[White "Sargissian, Gabriel"]
[Black "Najer, Evgeniy"]
[Result "1-0"]
[WhiteElo "2642"]
[BlackElo "2682"]
[Annotator "Rogozenco,D"]
[PlyCount "71"]
[EventDate "2008.10.17"]
[EventType "team-swiss"]
[EventRounds "7"]
[EventCountry "GRE"]
[SourceTitle "CBM 127"]
[Source "ChessBase"]
[SourceDate "2008.11.13"]
[SourceVersion "1"]
[SourceVersionDate "2008.11.13"]
[SourceQuality "1"]
[WhiteTeam "Erevan MIKA"]
[BlackTeam "Saransk"]
[WhiteTeamCountry "ARM"]
[BlackTeamCountry "RUS"]

1. d4 d5 2. c4 c6 3. Nf3 Nf6 4. Nc3 dxc4 5. a4 e6 6. e3 c5 7. Bxc4 cxd4 8. exd4
Nc6 9. O-O Be7 10. Re1 O-O 11. Bg5 Bd7 12. Qd2 {This is probably White's most
optimal set-up: Bg5, Qd2 and rooks on e1 and d1.} Nb4 (12... Rc8 13. Rad1 Nb4
14. Ne5 Nbd5 (14... Bc6 15. Nxf7 $5 Rxf7 16. Bxe6 $36) 15. Bxf6 Nxf6 16. d5 $14
{1-0 Shirov,A (2740)-Svidler,P (2746)/Foros 2008 (43)}) 13. Ne5 Bc6 14. Nxf7 $5
$146 {Usually such moves don't give White a clear advantage (unless there is
no immediate win, of course): in the middlegame Black's two minor pieces are
worth no less than a rook and two pawns. But White will have the initiative
and the character of the position changes dramatically: the price for each
possible mistake becomes much higher.} (14. Nxc6 bxc6 15. Rad1 a5 {1/2-1/2
Kozak,L (2319)-Itkis,B (2453)/Illichevsk 2006}) 14... Rxf7 (14... Kxf7 $2 15.
Rxe6 Kg6 (15... Ke8 16. Rae1 Rf7 17. R6e5 $18) (15... Nfd5 16. Rxe7+ $18) (
15... Nbd5 16. Re5 Bb4 17. Qc2 Bxc3 18. bxc3 Kg8 19. Qa2 $18) 16. Qe3 {[%csl
Re7][%cal Ge3g3]} Bd6 17. Bh4 {[%cal Ge3g5]} h6 18. d5 Be8 19. Qe4+ Kf7 20.
Bxf6 gxf6 21. Qh7#) 15. Bxe6 (15. Rxe6 $2 Nfd5 $19) 15... Nbd5 ({Although} 
15... Kf8 {doesn't free the rook on f7, it still remains a critical option.}
16. Rad1 ({For instance after} 16. Re5 $2 {it already becomes important that
Rf7 is not pinned anymore:} Nd7 17. Bxf7 Nxe5 $17) 16... Nbd5 $13) 16. Re5 Nc7
({Now in the event of} 16... Kf8 {White can keep the initiative with} 17. Bxf7
(17. Rae1 $5) 17... Kxf7 18. Nxd5 Bxd5 (18... Nxd5 $2 19. Rxe7+ Nxe7 20. Re1
$18) 19. Rae1 Bf8 20. Qf4 Kg8 21. Rf5 $14) 17. Bxf7+ Kxf7 18. d5 {A typical
positional pawn sacrifice in order to open the d-file for the rook.} (18. Rae1
$5 Bd6 19. Rf5 $13) 18... Ncxd5 19. Nxd5 Nxd5 20. Rd1 Nf6 21. Qc2 Qg8 $2 {
This is apparently designed to protect the h7-pawn. Much more important was to
activate the pieces.} (21... Qc7 22. Rde1 ({After} 22. Bf4 Rd8 $1 {Black takes
over the initiative.}) (22. Bxf6 Bxf6 $17) 22... Bd6 23. Bxf6 gxf6 24. Qxh7+
Kf8 25. Qh8+ Kf7 26. Qh5+ Kg8 (26... Kg7 27. Qg4+ Kf7 28. Re6 $18) 27. Re6 Qg7
28. g3 Rd8 $13) 22. b4 $1 {Now Black loses the stability of his key piece and
suddenly there is no escape anymore.} h6 (22... Bxb4 $2 23. Qb3+ $18) (22...
Rc8 23. b5 Bxb5 24. Qb3+ Bc4 25. Qxb7 Re8 26. Rde1 Qf8 27. Qc6 $18) (22... a6
23. b5 axb5 24. axb5 Be8 25. Rde1 Bd6 26. Bxf6 gxf6 27. Qc4+ $18) (22... Rd8
23. b5 Bd7 24. Bxf6 Bxf6 25. Qc4+ Kf8 26. Qxg8+ Kxg8 27. Red5 $18) 23. b5 (23.
Bh4 $2 g5 24. Bg3 Rd8 25. b5 Rxd1+ 26. Qxd1 Bd7 $13) 23... hxg5 24. bxc6 bxc6
25. Rde1 Re8 (25... Bd6 26. Qc4+ Kf8 (26... Kg6 27. Qd3+ $18) 27. Qxc6 $18) 26.
Qxc6 Kf8 27. Qb7 Qf7 28. Qxa7 g4 {Black is completely tied up, as every
exchange favours White. Trying to keep queens doesn't work due to the quick
advance of the a-pawn.} ({A longer resistance would have been offered by} 28...
Bd6 29. Qxf7+ Kxf7 30. Rxe8 Nxe8 31. a5 Nc7 32. Kf1 {although White should be
winning: his king will come to help the a-pawn.}) 29. a5 Ng8 30. a6 Qb3 31. Qc7
Qb8 32. Qxb8 Rxb8 33. a7 Ra8 34. Ra5 Bd8 35. Rb1 Bc7 36. Rb7 (36. Rb7 Bd6 37.
Rd5 $18) 1-0

[Event "EU-Cup 24th"]
[Site "Kallithea"]
[Date "2008.10.23"]
[Round "7"]
[White "Shirov, Alexei"]
[Black "Fridman, Daniel"]
[Result "1-0"]
[WhiteElo "2726"]
[BlackElo "2630"]
[Annotator "Rogozenco,D"]
[PlyCount "49"]
[EventDate "2008.10.17"]
[EventType "team-swiss"]
[EventRounds "7"]
[EventCountry "GRE"]
[SourceTitle "CBM 127"]
[Source "ChessBase"]
[SourceDate "2008.11.13"]
[SourceVersion "1"]
[SourceVersionDate "2008.11.13"]
[SourceQuality "1"]
[WhiteTeam "Ural Sverdlovskaya"]
[BlackTeam "Muelheim Nord"]
[WhiteTeamCountry "RUS"]
[BlackTeamCountry "GER"]

1. d4 d5 2. c4 c6 3. Nf3 Nf6 4. Nc3 dxc4 5. a4 e6 6. e3 c5 {A popular modern
setup: Black started with the Slav and now transposes into a Queen's Gambit
Accepted (QGA) type of positions with a tempo down. He considers that this
tempo is not so important and that he can manage without the move ...a6 (in a
similar position of the QGA the black pawn is already on a6 instead of a7,
since here Black lost a tempo by playing first ...c5 in two steps).} 7. Bxc4
Nc6 8. O-O Be7 ({After} 8... cxd4 9. exd4 (9. Nxd4 Bd7 $11 10. Qe2) 9... Be7 {
a popular plan for White (also successfully played by Shirov) is} 10. Bg5 {
followed by Qd2, Rad1, Rfe1. By postponing the exchange on d4 Black prevents
this plan.}) 9. Qe2 cxd4 10. Rd1 O-O 11. Nxd4 {White is trying to take
advantage of the late ...cxd4. The Nc6 is an important piece for Black - it
covers the c-file and controls important squares on the queenside, therefore
it often makes sense to exchange it. As an additional advantage White frees
the f3-square for the queen.} ({In the event of} 11. exd4 {Black's move order
would have paid off - he avoided White's plan mentioned above. Now Black
continues} Nb4 {which increases the control over square d5. In this variation
the chances are approximately equal in a double-edged, sharp position.}) 11...
Qc7 {Possibly this is not such a bad move, but somehow it doesn't fit into
Black's general concept of this opening system: with the queen on c7 it is
useful for Black to have the pawn on a6 instead of a7.} (11... Nxd4 12. exd4
Nd5 (12... Qc7 13. Bg5 $14) 13. Qe4 ({Winning a pawn with} 13. Nxd5 exd5 14.
Bxd5 Qxd5 15. Qxe7 {doesn't bring much, since the endgame is drawish} Be6 16.
Be3 Rfe8 17. Qc5 Rec8 18. Qxd5 {1/2-1/2 Peralta,F (2563)-Postny,E (2622)/
Andorra 2007}) 13... Nf6 14. Qf3 Qc7 15. b3 Bd7 16. Bf4 Qc8 (16... Bd6 17. Bxd6
Qxd6 18. Qxb7 Bc6 19. Qa6 Ng4 20. g3 e5 21. d5 Qh6 22. h4 Bd7 23. Qxh6 Nxh6 24.
Re1 f6 25. Ne4 $16 {1-0 Dorfman,J (2584)-Vaisser,A (2544)/Aix-les-Bains 2007 
(34)}) 17. Be5 Bc6 18. Qg3 $14 {/= 1/2-1/2 Zhao Xue (2522)-Shen Yang (2445)/
Nalchik 2008 (40)}) 12. b3 $146 (12. Nxc6 bxc6 13. a5 e5 14. e4 Rb8 15. h3 Bc5
16. Na4 Bd4 17. Be3 Bxe3 18. Qxe3 Qxa5 19. Nc5 Qc7 20. Qa3 a6 21. Qc3 $44 {
1-0 Gustafsson,J (2603)-Kharitonov,A (2526)/Plovdiv 2008 (55)}) 12... Ne5 {
An over-optimistic move. First of all Black had to think about finishing
development.} (12... Bd7) (12... Nxd4 $5 13. exd4 Bd7 14. d5 exd5 (14... Bd6
$13) 15. Qxe7 (15. Nxd5 Nxd5 16. Bxd5 Bf6 17. Bb2 Rfe8 $11) 15... dxc4 16. Nb5
$44) 13. Ncb5 Qb8 {Another questionable decision.} (13... Qa5 14. Ba3 (14. Bd2
Bb4 15. Bxb4 (15. Nd6 Rd8) 15... Qxb4 16. a5 (16. Rac1 Bd7) 16... Bd7 $14 {/~~}
) 14... Bxa3 15. Nxa3 Bd7 16. Qb2 Qb4 17. Be2 $13 {/+/=}) 14. Ba3 $1 {[%csl
Rd6]} Bxa3 15. Nxa3 b6 (15... a6 16. h3 Bd7 17. Qb2 $14) (15... Nxc4 16. Nxc4
Bd7 17. Rac1 {[%csl Rb8]} Qc7 18. e4 $16) (15... Bd7 $142 $14) 16. Rac1 Bb7 (
16... Nxc4 17. Nxc4 Bb7 18. f3 Rc8 19. e4 $14) 17. Ba6 $1 {[%csl Rc6]
Similarly to 14.Ba3 Shirov exchanges the bishop that controls important
squares.} Rc8 (17... Neg4 18. g3 Bxa6 19. Qxa6 Qe5 20. Qb5 $5 Nd5 (20... Qxb5
21. Naxb5 a6 22. Nd6 $16) 21. Qe2 Qh5 22. h4 $14) 18. Bxb7 Qxb7 19. f4 Ned7 $2
{This is a serious mistake. It was necessary to exchange a pair of rooks.} ({
After} 19... Rxc1 20. Rxc1 Ned7 21. Nc4 (21. Qc2 Nd5 {[%csl Gc7,Re3]}) 21...
Nc5 22. b4 Nce4 23. Ne5 Rc8 24. Rxc8+ ({or} 24. Ndc6 Nd5 25. Qd3 f5 26. g4 g6
$14) 24... Qxc8 25. Ndc6 Qb7 {it would have been much easier for Black to
defend.}) 20. Nc4 $16 {Now Black must make only moves in order to avoid an
immediate disaster.} Qa6 $2 ({Necessary was} 20... Qb8 {(keeping the d6-square
under control)} 21. Qf3 Nc5 22. Ne5 ({After} 22. Nc6 Qc7 23. Nd6 Rf8 (23...
Qxc6 24. Nxc8 $18 {[%cal Gb3b4]}) 24. b4 {Black can still hold thanks to the
move} Nd5 $1 {which attacks both his opponent's knights. Then} 25. Ne5 Nxb4 (
25... Qxd6 26. bxc5 Qe7 (26... bxc5 27. e4 $18) 27. e4 $16) 26. Ndxf7 Qb7 $1 {
with good chances to survive.}) 22... a5 $16) 21. Qf3 $1 $18 {[%csl Ra6] Now
the queen is out of play and the white knights invade on the squares c6 and d6.
} Nc5 (21... Nd5 22. f5 $18) (21... Rf8 22. Nd6 Qa5 23. Nc6 Qh5 24. Qxh5 Nxh5
25. Ne7+ Kh8 26. Nxf7+ Rxf7 27. Rxd7 $18 Nf6 $140 28. Rxa7) 22. Nd6 Rf8 23. b4
Ncd7 24. b5 Qxa4 25. Ra1 ({Black resigned, not willing to allow the nice
finish:} 25. Ra1 Qb4 26. Nc6 Qb3 27. Ne7+ Kh8 28. Qxa8 Qxe3+ 29. Kh1 Rxa8 30.
Nxf7#) 1-0